000 01757cam a22004933a 4500
001 14327779
003 OSt
005 20140310184430.0
008 051209s2006 nyua j 000 1 eng d
010 _a 2006573302
020 _a0439671744 (pbk.)
020 _a1415647038 (BWI bdg.)
020 _a9780439671743
035 _a(OCoLC)ocm62524844
040 _aBKX
_cBKX
_dBAKER
_dDLC
042 _alccopycat
050 0 0 _aPZ 7
_b.Ab126 2006
100 1 _aAbbott, Tony,
_d1952-
_927012
245 1 4 _aThe moon dragon /
_cby Tony Abbott ; illustrated by David Merrell ; cover illustration by Tim Jessell.
260 _aNew York :
_bScholastic,
_c2006.
300 _a121 p. :
_bill. ;
_c20 cm.
440 0 _aLittle apple
_94142
490 1 _aSecrets of Droon ;
_v26
500 _a"A Little Apple paperback."
520 _aEric and his friends must rescue their parents and other adults in their hometown from Gethwing, the moon dragon.
521 1 _aG4
526 _c650
650 0 _aDroon (Imaginary place)
_vJuvenile fiction.
_927013
650 0 _aDragons
_vJuvenile fiction.
_927014
650 0 _aMagic
_vJuvenile fiction.
_927015
650 0 _aDroon (Imaginary place)
_vFiction.
_927016
650 0 _aDragons
_vFiction.
_927017
650 0 _aMagic
_vFiction.
_927018
650 0 _aFantasy.
_93293
655 7 _aChildren's stories.
_2lcsh
_93012
655 7 _aFantasy fiction.
_2gsafd
_93053
700 1 _aMerrell, David,
_d1973-
_927019
710 2 _aCopyright Paperback Collection (Library of Congress)
_5DLC
_9705
800 1 _aAbbott, Tony,
_d1952-
_tSecrets of Droon ;
_v#26.
_927020
906 _a7
_bcbc
_ccopycat
_d2
_encip
_f20
_gy-genrareb
942 _2lcc
_cBK-SCHOLAS
999 _c34331
_d34331